书目信息 |
| 题名: |
朱可夫画传
|
|
| 作者: | 时影 编著 | |
| 分册: | ||
| 出版信息: | 北京 作家出版社 2016.1 |
|
| 页数: | 218页 | |
| 开本: | 24cm | |
| 丛书名: | 名人画传丛书 | |
| 单 册: | ||
| 中图分类: | K835.125.2 | |
| 科图分类: | ||
| 主题词: | 军事家--jun shi jia--传记--俄罗斯--现代--画册 | |
| 电子资源: | ||
| ISBN: | 978-7-5063-8368-4 | |
| 000 | 01307nam 2200277 450 | |
| 001 | 0100004295 | |
| 005 | 20160109112354.7 | |
| 010 | @a978-7-5063-8368-4@dCNY30.00 | |
| 100 | @a20160109d2016 em y0chiy0121 ea | |
| 101 | 0 | @achi |
| 102 | @aCN@b110000 | |
| 105 | @aac z 000yb | |
| 106 | @ar | |
| 200 | 1 | @a朱可夫画传@Azhu ke fu hua zhuan@d= Georgy Konstantinovich Zhukov@f时影编著@zeng |
| 210 | @a北京@c作家出版社@d2016.1 | |
| 215 | @a218页@c图, 肖像@d24cm | |
| 225 | 2 | @a名人画传丛书@Aming ren hua zhuan cong shu |
| 330 | @a他的军事天才在伟大的卫国战争中得到了最突出的体现。他一个人在卫国战争中所发挥的作用, 是无人可以替代的。战争时期, 他总是出现在危险的地方, 挽救那里的局势, 然后奔赴新的战场。在人类历史上, 只有极少数的人能够达到他那样的成就--以个人的独特才能影响了战争的进程。他耿直忠厚的性格, 也让他成为士兵和群众最爱戴的人。他的声望甚至超过了领袖斯大林。他是苏联真正的英雄。他, 就是朱可夫。 | |
| 410 | 0 | @12001 @a名人画传丛书 |
| 510 | 1 | @aGeorgy Konstantinovich Zhukov@zeng |
| 600 | 1 | @a朱可夫@Azhu ke fu@g(Жуков, Георгий Константинович),@f1896-1974@x传记@j画册 |
| 606 | 0 | @a军事家@Ajun shi jia@x传记@y俄罗斯@z现代@j画册 |
| 690 | @aK835.125.2@v5 | |
| 701 | 0 | @a时影@Ashi ying@4编著 |
| 801 | 0 | @aCN@c20160515 |
| 905 | @a河南城建学院图书馆@dK835.125.2@eZ851-2 | |
| 朱可夫画传= Georgy Konstantinovich Zhukov/时影编著.-北京:作家出版社,2016.1 |
| 218页:图, 肖像;24cm.-(名人画传丛书) |
| ISBN 978-7-5063-8368-4:CNY30.00 |
| 他的军事天才在伟大的卫国战争中得到了最突出的体现。他一个人在卫国战争中所发挥的作用, 是无人可以替代的。战争时期, 他总是出现在危险的地方, 挽救那里的局势, 然后奔赴新的战场。在人类历史上, 只有极少数的人能够达到他那样的成就--以个人的独特才能影响了战争的进程。他耿直忠厚的性格, 也让他成为士兵和群众最爱戴的人。他的声望甚至超过了领袖斯大林。他是苏联真正的英雄。他, 就是朱可夫。 |
| ● |
| 相关链接 |
|
|
|
正题名:朱可夫画传
索取号:K835.125.2/Z851-2
 
预约/预借
| 序号 | 登录号 | 条形码 | 馆藏地/架位号 | 状态 | 备注 |
| 1 | 1252313 | 212523134 | 社科库309/309社科库 99排3列5层/ [索取号:K835.125.2/Z851-2] | 在馆 | |
| 2 | 1252314 | 212523143 | 社科库309/309社科库 99排3列5层/ [索取号:K835.125.2/Z851-2] | 在馆 | |
| 3 | 1252315 | 212523152 | 社科库309/309社科库 99排3列5层/ [索取号:K835.125.2/Z851-2] | 在馆 |